000 00419nam a2200181Ia 4500
005 20240823060144.0
008 240823s9999||||xx |||||||||||||| ||und||
041 _aTAMIL
082 _A824.8 Q7
100 _aNalli Kuppuswami Chettiar
245 0 _aYellorukkum Vanakkam
250 _a1st
260 _c2017
_bSri Puvaneswari Pathi
500 _aYES
650 _aTamil
_bGeneral
942 _cBK
999 _c230461
_d230461